| 000 | 00354 a2200157 4500 | ||
|---|---|---|---|
| 001 | 64319 | ||
| 020 | _a9788581810768 | ||
| 040 | _cAnchieta - Pituba | ||
| 100 | _aOrtega, Ligia | ||
| 240 | 1 | 0 |
_aGeografia nos dias de hoje _lpor |
| 245 | 1 | 0 | _aGeografia nos dias de hoje |
| 300 | _a288 | ||
| 362 | 0 | _a2012 | |
| 650 | 4 | _aGeografia e viagens | |
| 942 | _cBK | ||
| 999 |
_c64319 _d64319 |
||